[Event "19th 4NCL Congress"]
[Site "Telford"]
[Date "2018.07.14"]
[Round "2"]
[Board "14"]
[White "Towers, Brian"]
[Black "De Coverly, Roger D"]
[Result "0-1"]
[WhiteElo "1746"]
[BlackElo "1939"]
[PlyCount "96"]
[EventDate "2018.07.13"]
[EventRounds "5"]
[EventCountry "ENG"]

1. d4 Nf6 2. Bf4 c5 3. e3 g6 4. Nf3 Bg7 5. c4 cxd4 6. exd4 O-O 7. Nc3 d5 8. Qb3
Nc6 9. cxd5 Na5 10. Qb5 a6 11. Qc5 b6 12. Qc7 Nxd5 13. Qxd8 Rxd8 14. Nxd5 Rxd5
15. Be3 Bb7 16. Rc1 Nc6 17. Bc4 Rd7 18. d5 Na5 19. Bxb6 Bxb2 20. Rc2 Nxc4 21.
Rxc4 Bxd5 22. Rc2 Ba3 23. O-O Be4 24. Rc3 Rd3 25. Ba5 Rb8 26. Ne5 Rxc3 27. Bxc3
Rc8 28. Bd4 f6 29. Ng4 Kg7 30. Ne3 Bd3 31. Rd1 Rc1 32. Rxc1 Bxc1 33. a4 e5 34.
Bc3 Kf7 35. Nd5 Ke6 36. Nb6 f5 37. g3 e4 38. a5 Ba3 39. Kg2 Kd6 40. Bd2 Kc6 41.
h4 Bc5 42. Na4 Bd4 43. Nc3 Kc5 44. Nd1 Be2 45. Ne3 Be5 46. Nf1 Bxf1+ 47. Kxf1
Bc7 48. Kg2 Kb5  0-1

[Event "19th 4NCL Congress"]
[Site "Telford"]
[Date "2018.07.14"]
[Round "2"]
[Board "15"]
[White "Gostelow, David W"]
[Black "Rushbrooke, Remy"]
[Result "1/2-1/2"]
[WhiteElo "1918"]
[BlackElo "1875"]
[PlyCount "70"]
[EventDate "2018.07.13"]
[EventRounds "5"]
[EventCountry "ENG"]

1. d4 e6 2. Bf4 Nf6 3. Nf3 b6 4. e3 c5 5. c3 cxd4 6. exd4 d6 7. Nbd2 Be7 8. Bd3
Bb7 9. h3 O-O 10. O-O Nbd7 11. Re1 a6 12. a4 Qc8 13. Qe2 Bc6 14. Nc4 Qc7 15.
Bh2 b5 16. axb5 axb5 17. Ncd2 Qb7 18. Qf1 Rfc8 19. Rec1 Ra4 20. Rxa4 bxa4 21.
Ba6 Qc7 22. Bxc8 Qxc8 23. Qe2 Qb7 24. Rb1 Ne4 25. Nxe4 Bxe4 26. Ra1 Nb6 27. Ne1
Qc6 28. Qa6 d5 29. Qa7 Bf8 30. Qa5 h6 31. f3 Bg6 32. Bg3 Kh7 33. Bb8 a3 34.
bxa3 Na4 35. Ba7 Qc4  1/2-1/2

[Event "19th 4NCL Congress"]
[Site "Telford"]
[Date "2018.07.14"]
[Round "2"]
[Board "16"]
[White "Ali, Golam S"]
[Black "Woltery, Nicolai"]
[Result "0-1"]
[WhiteElo "1881"]
[BlackElo "1715"]
[PlyCount "62"]
[EventDate "2018.07.13"]
[EventRounds "5"]
[EventCountry "ENG"]

1. d4 Nf6 2. c4 c5 3. d5 b5 4. cxb5 a6 5. f3 g6 6. e4 d6 7. Nc3 Bg7 8. Bc4 Nbd7
9. bxa6 Bxa6 10. Qd3 Qa5 11. Bxa6 Qxa6 12. Qxa6 Rxa6 13. Nb5 O-O 14. Nh3 Rfa8
15. a3 Rb8 16. Nc3 c4 17. Kd1 Nc5 18. Nf2 Nfd7 19. Kc2 Ne5 20. Be3 Ned3 21.
Rab1 Rab6 22. b4 cxb3+ 23. Kd2 Ne5 24. Bxc5 dxc5 25. Na4 Ra6 26. Nxc5 Rxa3 27.
Ng4 Nc4+ 28. Ke2 b2 29. Rhd1 Ra1 30. e5 Rxb1 31. Rxb1 Na3  0-1

[Event "19th 4NCL Congress"]
[Site "Telford"]
[Date "2018.07.14"]
[Round "3"]
[Board "1"]
[White "De Verdier, Michael"]
[Black "Mason, Donald J"]
[Result "1-0"]
[WhiteElo "2298"]
[BlackElo "2133"]
[PlyCount "49"]
[EventDate "2018.07.13"]
[EventRounds "5"]
[EventCountry "ENG"]

1. Nf3 Nf6 2. c4 e6 3. e3 d5 4. b3 c5 5. Bb2 Bd6 6. cxd5 exd5 7. Be2 Nc6 8. O-O
O-O 9. Nc3 b6 10. d4 Bb7 11. dxc5 bxc5 12. Rc1 Rc8 13. Nb5 Ne4 14. Nxd6 Qxd6
15. Nd2 f5 16. Ba3 Ne5 17. f4 Nd7 18. Nxe4 fxe4 19. Qd2 Rc7 20. b4 c4 21. Bxc4
Rfc8 22. Bb3 Nb6 23. Rc5 Nd7 24. Rxc7 Rxc7 25. Bb2  1-0

[Event "19th 4NCL Congress"]
[Site "Telford"]
[Date "2018.07.14"]
[Round "3"]
[Board "2"]
[White "Bin-Suhayl, Ieysaa"]
[Black "Kalavannan, Koby"]
[Result "0-1"]
[WhiteElo "2078"]
[BlackElo "2277"]
[PlyCount "58"]
[EventDate "2018.07.13"]
[EventRounds "5"]
[EventCountry "ENG"]

1. Nf3 c5 2. c4 Nc6 3. g3 g6 4. Bg2 Bg7 5. Nc3 d6 6. a3 e6 7. b4 Nge7 8. Rb1
O-O 9. O-O b6 10. e3 Bb7 11. d4 cxd4 12. Nxd4 Qd7 13. Ncb5 Rfd8 14. Bb2 Ne5 15.
Bxb7 Qxb7 16. Qe2 a6 17. f4 axb5 18. fxe5 bxc4 19. exd6 Nd5 20. e4 c3 21. Qf2
cxb2 22. exd5 Rxd6 23. Rxb2 Qxd5 24. Qxf7+ Kh8 25. Rg2 Qxd4+ 26. Kh1 Rf8 27.
Qxf8+ Bxf8 28. Rxf8+ Kg7 29. Rgf2 Qe4+  0-1

[Event "19th 4NCL Congress"]
[Site "Telford"]
[Date "2018.07.14"]
[Round "3"]
[Board "3"]
[White "Wells, Peter K"]
[Black "Jarmany, John"]
[Result "1/2-1/2"]
[WhiteElo "2426"]
[BlackElo "2110"]
[PlyCount "84"]
[EventDate "2018.07.13"]
[EventRounds "5"]
[EventCountry "ENG"]

1. d4 d5 2. c4 c6 3. Nc3 Nf6 4. e3 Bf5 5. cxd5 cxd5 6. Qb3 Nc6 7. Qxb7 Bd7 8.
Qb3 Rb8 9. Qd1 e5 10. dxe5 Nxe5 11. Be2 Bd6 12. Nf3 Qc7 13. Nxd5 Nxd5 14. Qxd5
O-O 15. Nd4 Bb4+ 16. Kf1 Rfd8 17. f4 Ng4 18. Qc4 Qd6 19. a3 Bc5 20. b4 Bxd4 21.
Qxd4 Qe6 22. Bb2 f6 23. Rd1 Nxe3+ 24. Kf2 Nxd1+ 25. Rxd1 Qb6 26. Qxb6 axb6 27.
b5 Be6 28. Rxd8+ Rxd8 29. Ke3 Kf7 30. Bd4 Rd6 31. g4 Bd5 32. f5 g6 33. Bd3 g5
34. Bc3 Bb3 35. Bb4 Rd7 36. Be4 Bd5 37. Bd3 Rd8 38. Bc3 Ra8 39. Bb4 Re8+ 40.
Kf2 Rd8 41. Ke3 Re8+ 42. Kf2 Rd8  1/2-1/2

[Event "19th 4NCL Congress"]
[Site "Telford"]
[Date "2018.07.14"]
[Round "3"]
[Board "4"]
[White "Clarke, Stuart Wc"]
[Black "Seymour, Timothy P"]
[Result "1-0"]
[WhiteElo "2225"]
[BlackElo "2035"]
[PlyCount "87"]
[EventDate "2018.07.13"]
[EventRounds "5"]
[EventCountry "ENG"]

1. e4 e5 2. Nf3 Nc6 3. Bc4 Bc5 4. c3 Nf6 5. d3 O-O 6. O-O d5 7. exd5 Nxd5 8.
Re1 Bg4 9. h3 Bh5 10. Nbd2 Nb6 11. Ne4 Nxc4 12. Nxc5 Qd5 13. dxc4 Qxc5 14. Qd5
Qd6 15. Nxe5 Rfe8 16. Bf4 Nxe5 17. Rxe5 Rxe5 18. Qxe5 Qxe5 19. Bxe5 Rc8 20. g4
Bg6 21. Rd1 f6 22. Bf4 Bf7 23. b3 Be6 24. Kg2 Kf7 25. Be3 Ke7 26. Bxa7 c5 27.
a4 Bf7 28. a5 h5 29. f4 hxg4 30. hxg4 g5 31. f5 Be8 32. Kg3 Bf7 33. Bb6 Bg8 34.
Kf3 Bf7 35. Ke4 Bg8 36. Rh1 Bf7 37. Rh7 Kf8 38. Rh8+ Bg8 39. Rxg8+ Kxg8 40. Kd5
Kf7 41. Bxc5 Re8 42. Kd6 Re4 43. Kc7 Rxg4 44. Kxb7  1-0

[Event "19th 4NCL Congress"]
[Site "Telford"]
[Date "2018.07.14"]
[Round "3"]
[Board "5"]
[White "Holland, James P"]
[Black "Sciupokas, Arunas"]
[Result "1-0"]
[WhiteElo "2217"]
[BlackElo "1944"]
[PlyCount "59"]
[EventDate "2018.07.13"]
[EventRounds "5"]
[EventCountry "ENG"]

1. e4 d6 2. d4 Nf6 3. Nc3 c6 4. g3 Nbd7 5. Bg2 e5 6. Nge2 Be7 7. a4 O-O 8. O-O
a5 9. h3 Qc7 10. Be3 Rd8 11. f4 exd4 12. Nxd4 Nc5 13. g4 d5 14. e5 Nfe4 15.
Nxe4 Nxe4 16. Qf3 Bd7 17. Rad1 c5 18. Nb5 Bxb5 19. axb5 c4 20. b6 Qc6 21. f5
Bc5 22. Bxc5 Qxc5+ 23. Kh1 Qxb6 24. f6 gxf6 25. exf6 Rd6 26. g5 Rdd8 27. Qg4
Qc5 28. Qh4 c3 29. b3 Qf8 30. Rxd5  1-0

[Event "19th 4NCL Congress"]
[Site "Telford"]
[Date "2018.07.14"]
[Round "3"]
[Board "6"]
[White "Ifalore, Michael"]
[Black "Willow, Jonah B"]
[Result "0-1"]
[WhiteElo "1867"]
[BlackElo "2210"]
[PlyCount "95"]
[EventDate "2018.07.13"]
[EventRounds "5"]
[EventCountry "ENG"]

1. d4 c5 2. d5 Nf6 3. c4 e6 4. Nc3 exd5 5. cxd5 d6 6. Nf3 g6 7. Bf4 Bg7 8. e3
O-O 9. h3 Re8 10. Be2 Na6 11. Nd2 Nc7 12. Nc4 Bf8 13. a4 b6 14. O-O Bb7 15. Bf3
Ba6 16. b3 Bxc4 17. bxc4 Na6 18. a5 Nb4 19. Nb5 a6 20. Nc3 Bg7 21. Ra3 bxa5 22.
Qa4 Nd7 23. Be2 Rb8 24. Rc1 Ne5 25. Ne4 h6 26. Qxa5 f5 27. Qxd8 Rexd8 28. Nd2
Nf7 29. Rb1 Rb6 30. Bg3 Rdb8 31. e4 Nc2 32. Rxb6 Rxb6 33. Ra2 Nd4 34. Bd3 fxe4
35. Nxe4 g5 36. h4 gxh4 37. Bxh4 Ne5 38. Bf1 Ndf3+ 39. gxf3 Nxf3+ 40. Kh1 Nxh4
41. Kh2 Be5+ 42. Kh3 Ng6 43. f3 Nf4+ 44. Kg4 Kf7 45. Kf5 Ng6 46. Re2 Rb3 47.
Kg4 h5+ 48. Kh3  0-1

[Event "19th 4NCL Congress"]
[Site "Telford"]
[Date "2018.07.14"]
[Round "3"]
[Board "7"]
[White "De Coverly, Roger D"]
[Black "Merry, Alan B"]
[Result "0-1"]
[WhiteElo "1939"]
[BlackElo "2460"]
[PlyCount "106"]
[EventDate "2018.07.13"]
[EventRounds "5"]
[EventCountry "ENG"]

1. Nf3 c5 2. e4 e6 3. d3 d5 4. Nbd2 Nc6 5. g3 g6 6. Bg2 Bg7 7. O-O Nge7 8. c3
h6 9. exd5 Nxd5 10. Nb3 b6 11. d4 Ba6 12. Re1 cxd4 13. Nfxd4 Nxd4 14. Nxd4 O-O
15. Qa4 Qc8 16. Bd2 Rd8 17. Rac1 Bb7 18. Nf3 Ne7 19. Rcd1 Bc6 20. Qc2 Qb7 21.
Nh4 Rd7 22. Bxc6 Qxc6 23. Bc1 Rad8 24. Qe2 b5 25. Ng2 Nf5 26. Ne3 Nd6 27. Ng4
h5 28. Ne5 Bxe5 29. Qxe5 h4 30. Qe2 h3 31. Qf1 Qf3 32. Rd3 Qf5 33. Red1 e5 34.
f3 Qe6 35. a3 a5 36. g4 e4 37. Re3 Qb3 38. Rde1 exf3 39. Rxf3 Re8 40. Rd1 Rde7
41. Rfd3 Nc4 42. Rd8 Nxb2 43. Rxe8+ Rxe8 44. Rd7 Qe6 45. Rd4 Nc4 46. a4 Ne5 47.
axb5 Nxg4 48. Bf4 Qb3 49. Bg3 a4 50. Rxg4 a3 51. Qa1 Qc2 52. Bf2 a2 53. Rb4 Rd8
 0-1

[Event "19th 4NCL Congress"]
[Site "Telford"]
[Date "2018.07.14"]
[Round "3"]
[Board "8"]
[White "Woltery, Nicolai"]
[Black "Sowray, Peter J"]
[Result "0-1"]
[WhiteElo "1715"]
[BlackElo "2337"]
[PlyCount "126"]
[EventDate "2018.07.13"]
[EventRounds "5"]
[EventCountry "ENG"]

1. c4 e6 2. g3 d5 3. Bg2 Nf6 4. Nf3 dxc4 5. O-O c5 6. Na3 Nc6 7. Nxc4 Be7 8. b3
O-O 9. Bb2 Qc7 10. Nfe5 Bd7 11. Rc1 Rfd8 12. e3 Be8 13. Qe2 Rac8 14. Rfd1 Nd5
15. Nxc6 Bxc6 16. Ne5 Be8 17. d4 Qa5 18. Bxd5 Rxd5 19. Bc3 Qb5 20. Qb2 f6 21.
Nc4 cxd4 22. Rxd4 Rxd4 23. exd4 Bc6 24. Qe2 Qd5 25. f3 Bb5 26. Qe4 Bxc4 27.
bxc4 Rxc4 28. Qxd5 exd5 29. Bb2 Kf7 30. Kf2 Rxc1 31. Bxc1 Bd6 32. Bd2 b5 33. h3
Ke6 34. g4 Kd7 35. Ke2 Kc6 36. Kd3 b4 37. Kc2 Kb5 38. Kb3 a5 39. Be3 a4+ 40.
Kc2 Kc4 41. h4 Bc7 42. h5 Bb6 43. g5 fxg5 44. Bxg5 Bxd4 45. f4 b3+ 46. axb3+
axb3+ 47. Kb1 h6 48. Be7 Kd3 49. Bd6 Ke4 50. Be5 Bxe5 51. fxe5 Kxe5 52. Kb2 Ke4
53. Kxb3 Kd3 54. Kb4 d4 55. Kc5 Ke4 56. Kd6 d3 57. Ke6 d2 58. Kf7 d1=Q 59. Kxg7
Qxh5 60. Kf6 Qg5+ 61. Kf7 Ke5 62. Kf8 Ke6 63. Ke8 Qg8#  0-1

[Event "19th 4NCL Congress"]
[Site "Telford"]
[Date "2018.07.14"]
[Round "3"]
[Board "9"]
[White "Verma, Aditya"]
[Black "Rahulan, Thivyaa"]
[Result "1-0"]
[WhiteElo "2084"]
[BlackElo "1774"]
[PlyCount "53"]
[EventDate "2018.07.13"]
[EventRounds "5"]
[EventCountry "ENG"]

1. e4 e6 2. d4 d5 3. Nd2 Nf6 4. e5 Nfd7 5. c3 c5 6. Bd3 Nc6 7. Ne2 cxd4 8. cxd4
f6 9. exf6 Nxf6 10. Nf3 Bd6 11. O-O O-O 12. a3 Bd7 13. Re1 Rc8 14. Bf4 Bxf4 15.
Nxf4 Ne4 16. Nh5 Ng5 17. Ne5 Nxe5 18. dxe5 Nf7 19. Re3 Kh8 20. Rg3 Nxe5 21.
Rxg7 Nxd3 22. Qxd3 Rf5 23. Qd4 e5 24. Qg4 Rf7 25. Qg3 Re7 26. Qg5 Rf7 27. Qxd8+
 1-0

[Event "19th 4NCL Congress"]
[Site "Telford"]
[Date "2018.07.14"]
[Round "3"]
[Board "10"]
[White "Armstrong, Malcolm J"]
[Black "Somton, Anita"]
[Result "1-0"]
[WhiteElo "2077"]
[BlackElo "1843"]
[PlyCount "93"]
[EventDate "2018.07.13"]
[EventRounds "5"]
[EventCountry "ENG"]

1. d4 Nf6 2. Nf3 d6 3. g3 c6 4. c4 Nbd7 5. Nc3 e5 6. e4 Be7 7. Bg2 O-O 8. O-O
a6 9. a4 a5 10. h3 Re8 11. Be3 Qc7 12. Rc1 Nf8 13. Qd2 exd4 14. Nxd4 Ne6 15.
Nf5 Nc5 16. Nxe7+ Qxe7 17. Bxc5 dxc5 18. f4 Rd8 19. Qe3 Be6 20. b3 Rd4 21. Ne2
Rdd8 22. Rcd1 h6 23. Nc3 Rxd1 24. Rxd1 Rd8 25. Rd3 Rxd3 26. Qxd3 Qd7 27. Qxd7
Bxd7 28. g4 Ne8 29. e5 Nc7 30. Kf2 Ne6 31. Ne2 b5 32. f5 Nc7 33. Nc3 b4 34. Ne4
Na6 35. Ke3 Kf8 36. f6 gxf6 37. exf6 Kg8 38. Kf4 Nc7 39. Nxc5 Ne6+ 40. Nxe6
Bxe6 41. Bxc6 h5 42. Bd5 Bd7 43. c5 hxg4 44. hxg4 Kf8 45. c6 Bc8 46. g5 Ke8 47.
Ke5  1-0

[Event "19th 4NCL Congress"]
[Site "Telford"]
[Date "2018.07.14"]
[Round "3"]
[Board "11"]
[White "Simpson, Derek"]
[Black "Moore, Gerald"]
[Result "0-1"]
[WhiteElo "1663"]
[BlackElo "2073"]
[PlyCount "84"]
[EventDate "2018.07.13"]
[EventRounds "5"]
[EventCountry "ENG"]

1. d4 g6 2. Nf3 Bg7 3. e3 d6 4. c4 Nf6 5. Nc3 O-O 6. Be2 Nbd7 7. O-O e5 8. b4
Re8 9. Bb2 exd4 10. exd4 d5 11. c5 c6 12. a4 Ne4 13. b5 Nxc3 14. Bxc3 Nxc5 15.
bxc6 bxc6 16. Bb4 Ne4 17. Rc1 Qb6 18. Ba3 Bg4 19. Bc5 Nxc5 20. dxc5 Qb4 21. h3
Bf5 22. g4 Bb2 23. gxf5 Bxc1 24. Qxc1 Rxe2 25. Qh6 Qc3 26. fxg6 hxg6 27. Ng5
Qg7 28. Qh4 Rae8 29. Qg3 Re1 30. Qg4 Rxf1+ 31. Kxf1 f6 32. Ne6 Qf7 33. Nd4 Re4
34. Qc8+ Qe8 35. Qxe8+ Rxe8 36. Nxc6 Kf7 37. Nxa7 Ra8 38. Nb5 Rxa4 39. c6 Ke6
40. Ke2 Rc4 41. Nc7+ Ke5 42. f4+ Ke4  0-1

[Event "19th 4NCL Congress"]
[Site "Telford"]
[Date "2018.07.14"]
[Round "3"]
[Board "12"]
[White "Munshi, Aditya"]
[Black "Yoon, Jacob D"]
[Result "1/2-1/2"]
[WhiteElo "1905"]
[BlackElo "2002"]
[PlyCount "158"]
[EventDate "2018.07.13"]
[EventRounds "5"]
[EventCountry "ENG"]

1. e4 e6 2. d4 d5 3. Nd2 c5 4. exd5 exd5 5. Ngf3 Nf6 6. Bb5+ Bd7 7. Qe2+ Qe7 8.
Qxe7+ Bxe7 9. Bxd7+ Nfxd7 10. dxc5 Nxc5 11. O-O O-O 12. Nb3 Ne6 13. Be3 Nc6 14.
c3 Bf6 15. Rfd1 Rfd8 16. Rd3 Rd7 17. Rad1 Rad8 18. g3 Be5 19. Nc5 Nxc5 20. Bxc5
b6 21. Be3 f6 22. Kg2 h6 23. Nd4 Bxd4 24. Bxd4 Kf7 25. f4 f5 26. Kf3 g6 27. Bf2
Rd6 28. h3 Na5 29. b3 Nb7 30. b4 R8d7 31. Bd4 Rd8 32. g4 R6d7 33. gxf5 gxf5 34.
Be5 a5 35. a3 axb4 36. axb4 b5 37. R3d2 Kf8 38. Bf6 Rc8 39. Rxd5 Rf7 40. Be5
Ke8 41. Rxb5 Nd8 42. Rd6 Rd7 43. Rxd7 Kxd7 44. Rd5+ Ke7 45. Bd4 Ne6 46. Be5 Rc4
47. Ra5 Nd8 48. Ra7+ Ke8 49. Rc7 Nc6 50. Bd6 Rxc3+ 51. Kg2 Rc2+ 52. Kg3 Nd4 53.
Rxc2 Nxc2 54. Bc5 Na3 55. Kh4 Kf7 56. Kh5 Kg7 57. Bd4+ Kh7 58. Be5 Nb5 59. Kh4
Kg6 60. Kg3 Kh5 61. Bf6 Kg6 62. Be5 Kf7 63. Kh4 Kg6 64. Kg3 Kf7 65. Kf3 Ke6 66.
h4 h5 67. Ke3 Kd5 68. Kd3 Na7 69. Kc3 Nb5+ 70. Kb3 Na7 71. Bc7 Nb5 72. Bb8 Nd4+
73. Ka4 Kc6 74. Ka5 Nb3+ 75. Ka6 Nd4 76. Be5 Nb5 77. Ka5 Na7 78. Ka4 Nb5 79.
Kb3 Kd5  1/2-1/2

[Event "19th 4NCL Congress"]
[Site "Telford"]
[Date "2018.07.14"]
[Round "3"]
[Board "13"]
[White "Collins, Andrew"]
[Black "Gostelow, David W"]
[Result "0-1"]
[WhiteElo "1735"]
[BlackElo "1918"]
[PlyCount "94"]
[EventDate "2018.07.13"]
[EventRounds "5"]
[EventCountry "ENG"]

1. e4 c5 2. Nf3 Nc6 3. d4 cxd4 4. Nxd4 e5 5. Nb5 a6 6. Nd6+ Bxd6 7. Qxd6 Qf6 8.
Qxf6 Nxf6 9. f3 d5 10. exd5 Nxd5 11. c3 Bf5 12. Bc4 O-O-O 13. O-O Rd7 14. Na3
Nce7 15. Bb3 Rhd8 16. Bg5 f6 17. Bh4 Kc7 18. Bf2 h5 19. Rad1 Nf4 20. Nc4 Ned5
21. Ne3 Be6 22. Nxd5+ Bxd5 23. Bxd5 Rxd5 24. Rxd5 Rxd5 25. Be3 g5 26. Bxf4 gxf4
27. g3 fxg3 28. hxg3 Rd2 29. Rf2 Rxf2 30. Kxf2 Kd6 31. Ke3 f5 32. f4 e4 33. Kd4
b5 34. b4 Kc6 35. c4 bxc4 36. a4 c3 37. Kxc3 Kd5 38. b5 axb5 39. axb5 Kc5 40.
b6 Kxb6 41. Kb4 Kc6 42. Kc4 Kd6 43. Kd4 Ke6 44. Kc4 Kf6 45. Kd4 Kg6 46. Ke3 h4
47. Kf2 h3  0-1

[Event "19th 4NCL Congress"]
[Site "Telford"]
[Date "2018.07.14"]
[Round "3"]
[Board "14"]
[White "Tombolis, Christopher"]
[Black "Rushbrooke, Remy"]
[Result "0-1"]
[WhiteElo "1914"]
[BlackElo "1875"]
[PlyCount "124"]
[EventDate "2018.07.13"]
[EventRounds "5"]
[EventCountry "ENG"]

1. e4 e5 2. Nf3 Nc6 3. Bc4 Nf6 4. d3 Be7 5. O-O O-O 6. a4 d6 7. Nc3 Be6 8. Bxe6
fxe6 9. Re1 Qd7 10. h3 Rae8 11. d4 exd4 12. Nxd4 Nxd4 13. Qxd4 e5 14. Qd1 c6
15. f4 Bd8 16. fxe5 Rxe5 17. Bf4 Re6 18. Qd2 Nh5 19. Rf1 Nxf4 20. Rxf4 Rxf4 21.
Qxf4 Rf6 22. Qg3 Bb6+ 23. Kh1 Bd4 24. Rd1 Be5 25. Qd3 Qf7 26. Kg1 g5 27. b3 g4
28. hxg4 Qg7 29. Ne2 Qxg4 30. Nd4 Rg6 31. Rd2 h5 32. Nf5 Kh8 33. Rf2 h4 34. Ne7
Rg7 35. Qd2 Qg5 36. Qxg5 Rxg5 37. Rf8+ Kg7 38. Rd8 Kf6 39. Nf5 h3 40. g3 Bxg3
41. Nxg3 Rxg3+ 42. Kh1 Ke5 43. Rd7 Kxe4 44. Rxb7 a5 45. Ra7 Rg2 46. c4 Rb2 47.
Rxa5 Rxb3 48. Rh5 Kd4 49. Rh4+ Kc5 50. Rh8 Kxc4 51. Ra8 d5 52. a5 d4 53. a6 c5
54. a7 Ra3 55. Kh2 d3 56. Kh1 d2 57. Rd8 Kc3 58. Kh2 Rxa7 59. Rd5 c4 60. Kg3
Ra1 61. Kh2 d1=Q 62. Rd3+ Kxd3  0-1

[Event "19th 4NCL Congress"]
[Site "Telford"]
[Date "2018.07.14"]
[Round "3"]
[Board "15"]
[White "Guha, Chirag"]
[Black "Ansari, Athar"]
[Result "1-0"]
[WhiteElo "1912"]
[BlackElo "1868"]
[PlyCount "125"]
[EventDate "2018.07.13"]
[EventRounds "5"]
[EventCountry "ENG"]

1. d4 Nf6 2. c4 e6 3. g3 d5 4. Nf3 b6 5. Bg2 Bb7 6. O-O Nbd7 7. Nbd2 Bb4 8. a3
Bxd2 9. Bxd2 dxc4 10. Qa4 O-O 11. Qxc4 c5 12. Rfd1 cxd4 13. Bb4 Re8 14. Qxd4 a5
15. Bd6 b5 16. Ne5 Bxg2 17. Kxg2 Nxe5 18. Qxe5 Qb6 19. Rac1 Rac8 20. Bc5 Qb7+
21. Kg1 Qe4 22. Bd4 Qxe5 23. Bxe5 Nd5 24. e4 Nb6 25. b3 a4 26. bxa4 Nc4 27. Bf4
bxa4 28. Rd3 e5 29. Rdc3 Nd6 30. Rxc8 Rxc8 31. Rxc8+ Nxc8 32. Bxe5 Nb6 33. Bd6
Nc4 34. Bb4 f6 35. Kf1 Kf7 36. Ke2 Ke6 37. f4 f5 38. e5 Kd5 39. Kd3 Nb2+ 40.
Ke3 g6 41. h3 h5 42. Kf3 Nd3 43. Bc3 Nc5 44. g4 hxg4+ 45. hxg4 Ne4 46. Bb4 Ke6
47. gxf5+ gxf5 48. Ke3 Kd5 49. Kd3 Nf2+ 50. Kc2 Ne4 51. Bd2 Ke6 52. Be3 Kd5 53.
Kd3 Ng3 54. Kc3 Nf1 55. Bf2 Kc6 56. Kb4 Nd2 57. Kxa4 Nc4 58. Kb4 Nb2 59. Be3
Kd5 60. a4 Ke4 61. e6 Nd3+ 62. Kc3 Nxf4 63. Bxf4  1-0

[Event "19th 4NCL Congress"]
[Site "Telford"]
[Date "2018.07.14"]
[Round "3"]
[Board "16"]
[White "Towers, Brian"]
[Black "Gibbs, Dominic V"]
[Result "0-1"]
[WhiteElo "1746"]
[BlackElo "1967"]
[PlyCount "112"]
[EventDate "2018.07.13"]
[EventRounds "5"]
[EventCountry "ENG"]

1. d4 f5 2. Bf4 Nf6 3. Nf3 g6 4. c4 Bg7 5. Nc3 d6 6. Qb3 e6 7. g3 Nbd7 8. Bg2
Qe7 9. O-O O-O 10. Nb5 Ne8 11. Rfe1 h6 12. h4 Kh7 13. e4 fxe4 14. Rxe4 Ndf6 15.
Re2 Nh5 16. Bd2 Nef6 17. Qd3 Qf7 18. Rf1 Ng4 19. Nh2 Nxh2 20. Kxh2 a6 21. Nc3
Nf6 22. f4 Ng4+ 23. Kg1 Qf6 24. d5 Qd4+ 25. Qxd4 Bxd4+ 26. Kh1 e5 27. fxe5
Rxf1+ 28. Bxf1 dxe5 29. Nd1 Bf5 30. b3 Rf8 31. Bg2 Bc2 32. Ne3 Bd3 33. Re1 Nf2+
34. Kh2 Ne4 35. Bb4 Rf7 36. Ng4 Nf2 37. Nxf2 Rxf2 38. d6 cxd6 39. Bxd6 Rxa2 40.
Kh3 Bf5+ 41. g4 Bxg4+ 42. Kxg4 Rxg2+ 43. Kh3 Rb2 44. b4 Kg7 45. Rf1 h5 46. Bf8+
Kg8 47. Be7 Rf2 48. Re1 Kf7 49. Bd8 Ke6 50. b5 axb5 51. cxb5 Rf3+ 52. Kg2 Rb3
53. Rf1 e4 54. b6 Rb2+ 55. Kg3 Be5+ 56. Kh3 Rh2#  0-1

[Event "19th 4NCL Congress"]
[Site "Telford"]
[Date "2018.07.15"]
[Round "4"]
[Board "1"]
[White "Willow, Jonah B"]
[Black "De Verdier, Michael"]
[Result "1-0"]
[WhiteElo "2210"]
[BlackElo "2298"]
[PlyCount "95"]
[EventDate "2018.07.13"]
[EventRounds "5"]
[EventCountry "ENG"]

1. e4 d5 2. Nc3 dxe4 3. Nxe4 Nd7 4. Bc4 e6 5. Qe2 Ngf6 6. Ng5 Nb6 7. Bb3 h6 8.
N5f3 c5 9. d3 Bd6 10. Ne5 O-O 11. f4 Qc7 12. Ngf3 Nfd5 13. O-O Re8 14. g3 Bd7
15. Bd2 Ba4 16. Bxa4 Nxa4 17. c4 Ne7 18. b3 Nb6 19. Bc3 Nd7 20. Rae1 Nc6 21.
Ng4 Bf8 22. h4 Rad8 23. Kh2 Qd6 24. Nf2 Nd4 25. Bxd4 cxd4 26. Ne4 Qb6 27. Ne5
Nc5 28. Qh5 Re7 29. Nxc5 Qxc5 30. g4 Rc7 31. g5 g6 32. Nxg6 fxg6 33. Qxg6+ Rg7
34. Qxe6+ Kh7 35. Qxh6+ Kg8 36. Qe6+ Kh8 37. h5 Rd6 38. Qg4 Ra6 39. Rf2 Re7 40.
Rxe7 Qxe7 41. Re2 Qf7 42. f5 Ra5 43. f6 Qc7+ 44. Kh3 Re5 45. g6 Bh6 46. g7+ Kg8
47. Rxe5 Qxe5 48. Qc8+  1-0

[Event "19th 4NCL Congress"]
[Site "Telford"]
[Date "2018.07.15"]
[Round "4"]
[Board "2"]
[White "Kalavannan, Koby"]
[Black "Clarke, Stuart Wc"]
[Result "1-0"]
[WhiteElo "2277"]
[BlackElo "2225"]
[PlyCount "57"]
[EventDate "2018.07.13"]
[EventRounds "5"]
[EventCountry "ENG"]

1. d4 e6 2. c4 Nf6 3. Nf3 Bb4+ 4. Nbd2 d6 5. a3 Bxd2+ 6. Qxd2 a5 7. b3 Nbd7 8.
Bb2 O-O 9. Rd1 Qe7 10. Qc2 Re8 11. e4 e5 12. d5 Nc5 13. Nd2 Bd7 14. g3 Reb8 15.
a4 c6 16. Bg2 cxd5 17. exd5 Bg4 18. f3 Bh5 19. O-O Qc7 20. Kh1 Qb6 21. Qc3 Bg6
22. f4 exf4 23. gxf4 Re8 24. f5 Bh5 25. Rde1 Be2 26. Rg1 Kf8 27. Qg3 Nh5 28.
Bxg7+ Nxg7 29. Bf3  1-0

[Event "19th 4NCL Congress"]
[Site "Telford"]
[Date "2018.07.15"]
[Round "4"]
[Board "3"]
[White "Merry, Alan B"]
[Black "Holland, James P"]
[Result "1-0"]
[WhiteElo "2460"]
[BlackElo "2217"]
[PlyCount "83"]
[EventDate "2018.07.13"]
[EventRounds "5"]
[EventCountry "ENG"]

1. e4 c5 2. Nf3 d6 3. Bb5+ Nc6 4. O-O Nf6 5. Re1 Bd7 6. c3 a6 7. Bf1 Bg4 8. h3
Bxf3 9. Qxf3 g6 10. Qd1 Bh6 11. g3 d5 12. e5 Nd7 13. f4 Qb6 14. d3 e6 15. Nd2
O-O 16. Nf3 f6 17. exf6 Nxf6 18. Rxe6 Rae8 19. Qe2 Bg7 20. Rxe8 Rxe8 21. Qf2 a5
22. Rb1 Nd7 23. Bd2 d4 24. c4 Nb4 25. Re1 Qd8 26. a3 Nc6 27. Bg2 Bf6 28. h4 a4
29. Ng5 Rxe1+ 30. Qxe1 Qe7 31. Ne4 Kg7 32. Qd1 Nb6 33. b3 Nd7 34. bxa4 b6 35.
Qb3 Qe6 36. Qb5 Be7 37. Ng5 Bxg5 38. Qxc6 Qxc6 39. Bxc6 Nb8 40. Bb5 Bd8 41. Kf2
h5 42. f5  1-0

[Event "19th 4NCL Congress"]
[Site "Telford"]
[Date "2018.07.15"]
[Round "4"]
[Board "4"]
[White "Moore, Gerald"]
[Black "Wells, Peter K"]
[Result "0-1"]
[WhiteElo "2073"]
[BlackElo "2426"]
[PlyCount "72"]
[EventDate "2018.07.13"]
[EventRounds "5"]
[EventCountry "ENG"]

1. Nf3 d5 2. c4 e6 3. g3 Nf6 4. Bg2 dxc4 5. O-O Nbd7 6. Na3 Bxa3 7. bxa3 Nd5 8.
Bb2 O-O 9. Qc2 b5 10. Nd4 a6 11. a4 c5 12. Nc6 Qe8 13. axb5 axb5 14. a4 b4 15.
Qxc4 Bb7 16. Ne5 Ba6 17. Qh4 Nxe5 18. Bxe5 Rd8 19. d3 f6 20. Bb2 Qe7 21. Rfc1
Rc8 22. Be4 g6 23. Bg2 Qd6 24. Qe4 Rfd8 25. h4 e5 26. Rc2 Rc7 27. Rac1 Bb7 28.
Qc4 Kg7 29. h5 Nb6 30. Qb5 Bxg2 31. Kxg2 Nd7 32. Qc4 Ra8 33. hxg6 hxg6 34. Rh1
Nf8 35. Qh4 Rxa4 36. f4 Qd5+  0-1

[Event "19th 4NCL Congress"]
[Site "Telford"]
[Date "2018.07.15"]
[Round "4"]
[Board "5"]
[White "Sowray, Peter J"]
[Black "Verma, Aditya"]
[Result "1-0"]
[WhiteElo "2337"]
[BlackElo "2084"]
[PlyCount "57"]
[EventDate "2018.07.13"]
[EventRounds "5"]
[EventCountry "ENG"]

1. d4 Nf6 2. c4 e5 3. dxe5 Ng4 4. e3 Nxe5 5. Nh3 Ng6 6. Nc3 Nc6 7. b3 Bb4 8.
Bb2 d6 9. Qc2 Bxh3 10. gxh3 Qe7 11. O-O-O Bxc3 12. Bxc3 Rg8 13. Bg2 a5 14. Rhe1
h6 15. Rd4 Nf8 16. Qf5 Qd7 17. Qb5 Nd8 18. Qd5 Nfe6 19. Rg4 Kf8 20. Be4 g6 21.
Bf6 c6 22. Qd2 Nc5 23. Bc2 Qe6 24. Bc3 f5 25. Rd4 Nf7 26. Bxa5 Ne5 27. Rxd6
Ncd3+ 28. Rxd3 Nxd3+ 29. Bxd3  1-0